Vista normal
Vista MARC
Entrada Personal Name
Número de registros utilizados en: 1
001 - CONTROL NUMBER
- control field: 13223
003 - CONTROL NUMBER IDENTIFIER
- control field: DLC
005 - DATE AND TIME OF LATEST TRANSACTION
- control field: 20220831131508.0
008 - FIXED-LENGTH DATA ELEMENTS
- fixed length control field: 140516n| azannaabn |a aaa c
010 ## - LIBRARY OF CONGRESS CONTROL NUMBER
- LC control number: ns2014002230
035 ## - SYSTEM CONTROL NUMBER
- System control number: (OCoLC)oca09859370
040 ## - CATALOGING SOURCE
- Original cataloging agency: MX-MoT
- Language of cataloging: spa
- Description conventions: rda
- Transcribing agency: Mx-PuUPA
- Modifying agency: IEN
- Modifying agency: Mx-PuUPA
100 1# - HEADING--PERSONAL NAME
- Personal name: Valenzuela González, Jaime Ricardo,
370 ## - ASSOCIATED PLACE
- Other associated place: Guadalajara (México)
- Source of term: naf
373 ## - ASSOCIATED GROUP
- Associated group: Instituto Tecnológico y de Estudios Superiores de Monterrey. Campus Guadalajara
375 ## - GENDER
- Gender: hombre
377 ## - ASSOCIATED LANGUAGE
- Language code: spa
400 1# - SEE FROM TRACING--PERSONAL NAME
- Personal name: González, Jaime Ricardo Valenzuela
670 ## - SOURCE DATA FOUND
- Source citation: Solución de problemas: caracterización como competencia transversal en 2° grado de educación secundaria, desde la teoría novato-experto, 2013:
- Information found: title page (asesor Dr. Jaime Ricardo Valenzuela González; Instituto Tecnológico y de Estudios Superiores de Monterrey, Campus Guadalajara)